| 000 | 00525nam a2200181 a 4500 | ||
|---|---|---|---|
| 005 | 20210223123217.0 | ||
| 008 | 991125s1985 mad 000 0 spa u | ||
| 020 | _a8420511218 | ||
| 035 | _aUPN01000049358 | ||
| 049 | _aCG | ||
| 050 | 4 |
_aBF637 _bQ8.6 |
|
| 100 | 1 | _aQuintana Fernández, J. | |
| 245 | 1 | 0 |
_aPsicología de la conducta : _banálisis histórico / _cJ. Quintana Fernández. |
| 260 |
_aMadrid : _bAlhambra, _c1985. |
||
| 300 | _a553 p. | ||
| 650 | 4 |
_aCONDUCTA (PSICOLOGIA) - _xINVESTIGACION _99968 |
|
| 905 | _aLibro | ||
| 999 |
_c49358 _d49358 |
||